000 00269nam a2200121 a 4500
005 20141022142000.0
008 090305s19uu xx 00 eng d
050 _aVHS
_bYE3 1989
245 _aThe Yearling.
650 _aVHS.
650 _aThe Yearling
942 _cAVM
999 _c276209
_d276209